[Event "MPJ_D18"]
[Site "?"]
[Date "2016.03.16"]
[Round "5.12"]
[White "Glapa, Anna"]
[Black "Ostrowska, Joanna"]
[Result "0-1"]
[BlackElo "1682"]
[WhiteElo "1716"]
[LiveChessVersion "1.4.8"]

1. e4 e6 2. d4 d5 3. Nd2 dxe4 4. Nxe4 Nc6 5. Nf3 h6 6. Bb5 Bd7 {[%clk 1:26:09]}
7. O-O {[%clk 1:10:10]} a6 {[%clk 1:24:18]} 8. Bd3 {[%clk 1:06:30]} Nb4
{[%clk 1:19:07]} 9. Ne5 {[%clk 1:01:58]} Nxd3 10. Qxd3 {[%clk 1:02:21]} Be7
{[%clk 1:17:03]} 11. Qf3 {[%clk 0:59:45]} Nf6 {[%clk 1:15:26]} 12. Nxf6+
{[%clk 0:58:12]} Bxf6 {[%clk 1:15:47]} 13. Nxd7 {[%clk 0:56:49]} Qxd7
{[%clk 1:16:10]} 14. Qxb7 {[%clk 0:57:01]} O-O {[%clk 1:16:19]} 15. c3
{[%clk 0:56:36]} e5 {[%clk 1:13:19]} 16. dxe5 {[%clk 0:55:38]} Bxe5
{[%clk 1:13:40]} 17. Qf3 {[%clk 0:55:06]} Rab8 {[%clk 1:11:36]} 18. Rb1
{[%clk 0:48:38]} Rb6 {[%clk 1:09:29]} 19. Be3 {[%clk 0:47:23]} Rg6
{[%clk 1:06:47]} 20. g3 {[%clk 0:45:49]} Kh7 {[%clk 0:58:03]} 21. Bc5
{[%clk 0:42:15]} Re8 {[%clk 0:56:52]} 22. Rfd1 {[%clk 0:39:55]} Qe6
{[%clk 0:56:03]} 23. Qd5 {[%clk 0:37:59]} Qf5 {[%clk 0:52:13]} 24. Re1
{[%clk 0:31:54]} c6 {[%clk 0:48:09]} 25. Qc4 {[%clk 0:29:30]} Ree6
{[%clk 0:41:13]} 26. Rbd1 {[%clk 0:24:23]} Rg4 {[%clk 0:40:00]} 27. Qd3
{[%clk 0:24:08]} Rg5 {[%clk 0:33:10]} 28. Be3 {[%clk 0:22:50]} Qxd3
{[%clk 0:31:38]} 29. Rxd3 {[%clk 0:23:13]} Rh5 {[%clk 0:31:24]} 30. Rd7
{[%clk 0:23:16]} Rf6 {[%clk 0:30:10]} 31. Ra7 {[%clk 0:22:56]} c5
{[%clk 0:29:27]} 32. Rd1 {[%clk 0:21:54]} Bb8 {[%clk 0:27:08]} 33. Ra8
{[%clk 0:20:29]} Rb6 {[%clk 0:26:24]} 34. b3 {[%clk 0:20:10]} Rf5
{[%clk 0:24:55]} 35. Kg2 {[%clk 0:19:43]} Bd6 {[%clk 0:22:41]} 36. Rc8
{[%clk 0:19:08]} Be7 {[%clk 0:20:53]} 37. c4 {[%clk 0:18:48]} Rbf6
{[%clk 0:16:40]} 38. Rd5 {[%clk 0:17:45]} h5 {[%clk 0:14:45]} 39. Bxc5
{[%clk 0:16:24]} Bxc5 {[%clk 0:14:58]} 40. Rcxc5 {[%clk 0:16:28]} Rxf2+
{[%clk 0:14:51]} 41. Kh3 {[%clk 0:16:38]} g6 {[%clk 0:14:59]} 42. Ra5
{[%clk 0:10:37]} Rc2 {[%clk 0:14:06]} 43. Rd1 {[%clk 0:10:05]} Rff2
{[%clk 0:13:52]} 44. Rh1 {[%clk 0:10:00]} f6 {[%clk 0:14:02]} 45. g4
{[%clk 0:03:57]} Rc3+ {[%clk 0:14:20]} 46. Kh4 {[%clk 0:04:17]} g5+
{[%clk 0:14:35]} 47. Rxg5 {[%clk 0:04:37]} fxg5+ {[%clk 0:14:42]} 48. Kxh5
{[%clk 0:04:48]} Rxa2 {[%clk 0:43:33]} 49. Kxg5 {[%clk 0:34:12]} Rxb3
{[%clk 0:43:52]} 50. h4 {[%clk 0:33:29]} Rc3 {[%clk 0:43:05]} 51. Kh5
{[%clk 0:29:37]} Ra5+ {[%clk 0:41:38]} 52. g5 {[%clk 0:29:56]} Rxc4
{[%clk 0:41:27]} 53. Rd1 {[%clk 0:30:00]} Rc7 {[%clk 0:39:38]} 54. Rd6
{[%clk 0:28:01]} Ra7 {[%clk 0:38:50]} 55. Rh6+ {[%clk 0:28:10]} Kg8
{[%clk 0:38:37]} 56. Rc6 {[%clk 0:27:38]} Rf5 {[%clk 0:34:10]} 57. Kg6
{[%clk 0:26:36]} Rf8 {[%clk 0:33:32]} 58. h5 {[%clk 0:22:21]} a5 {[%clk 0:32:47]}
59. h6 {[%clk 0:22:24]} a4 {[%clk 0:32:31]} 60. h7+ {[%clk 0:21:55]} Kh8
{[%clk 0:30:16]} 61. Kh6 {[%clk 0:21:30]} Rxh7+ {[%clk 0:30:22]} 62. Kg6
{[%clk 0:21:52]} Ra7 {[%clk 0:30:37]} 63. Rc3 {[%clk 0:21:08]} a3
{[%clk 0:30:55]} 64. Rh3+ {[%clk 0:21:32]} Kg8 {[%clk 0:31:19]} 65. Rh7
{[%clk 0:21:55]} Ra6+ {[%clk 0:31:14]} 0-1

[Event "MPJ_D18"]
[Site "?"]
[Date "2016.03.16"]
[Round "5.13"]
[White "Wilk, Oktawia"]
[Black "Kozubal, Aleksandra"]
[Result "1/2-1/2"]
[BlackElo "1688"]
[WhiteElo "1683"]
[LiveChessVersion "1.4.8"]

1. e4 {[%clk 1:30:56]} c5 {[%clk 1:30:47]} 2. Nf3 {[%clk 1:31:18]} Nc6
{[%clk 1:30:52]} 3. d4 {[%clk 1:31:38]} cxd4 {[%clk 1:31:12]} 4. Nxd4
{[%clk 1:32:02]} e6 {[%clk 1:31:06]} 5. Nc3 {[%clk 1:31:10]} Qc7 {[%clk 1:30:13]}
6. Ndb5 {[%clk 1:21:10]} Qb8 {[%clk 1:29:41]} 7. Be3 {[%clk 1:20:49]} a6
{[%clk 1:28:46]} 8. Nd4 {[%clk 1:21:09]} Nf6 {[%clk 1:25:00]} 9. a3
{[%clk 1:18:11]} b5 {[%clk 1:19:55]} 10. Nxc6 {[%clk 1:18:15]} dxc6
{[%clk 1:20:11]} 11. Qd3 {[%clk 1:02:32]} Be7 {[%clk 1:13:30]} 12. f3
{[%clk 1:01:01]} O-O {[%clk 1:12:12]} 13. O-O-O {[%clk 1:00:03]} a5
{[%clk 1:08:47]} 14. Nb1 {[%clk 0:57:15]} Ba6 {[%clk 1:05:13]} 15. Qd2
{[%clk 0:49:05]} a4 {[%clk 0:46:48]} 16. Qf2 {[%clk 0:43:18]} Qc7
{[%clk 0:28:28]} 17. Bc5 {[%clk 0:42:19]} Rfb8 {[%clk 0:27:53]} 18. c3
{[%clk 0:41:16]} Bf8 {[%clk 0:22:06]} 19. Bxf8 {[%clk 0:41:20]} Rxf8
{[%clk 0:22:23]} 20. Qc5 {[%clk 0:40:17]} Rfd8 {[%clk 0:19:48]} 21. Be2
{[%clk 0:40:16]} Qf4+ {[%clk 0:15:45]} 22. Kc2 {[%clk 0:33:00]} b4
{[%clk 0:13:48]} 23. c4 {[%clk 0:27:01]} b3+ {[%clk 0:08:51]} 24. Kc3
{[%clk 0:27:22]} Qc7 {[%clk 0:04:42]} 25. Rxd8+ {[%clk 0:04:12]} Rxd8
{[%clk 0:05:02]} 26. Rd1 {[%clk 0:04:14]} Nd7 27. Qd6 {[%clk 0:03:01]} Qa5+
{[%clk 0:03:01]} 28. Qb4 {[%clk 0:03:10]} Qe5+ {[%clk 0:03:11]} 29. Kd2
{[%clk 0:03:00]} Qd4+ {[%clk 0:01:47]} 30. Kc1 {[%clk 0:02:33]} Qe3+
{[%clk 0:01:23]} 31. Qd2 {[%clk 0:02:48]} Qc5 {[%clk 0:01:08]} 32. Qd6
{[%clk 0:02:00]} Qg5+ {[%clk 0:01:01]} 33. Rd2 {[%clk 0:01:07]} h5
{[%clk 0:00:51]} 34. g3 {[%clk 0:00:48]} g6 {[%clk 0:00:58]} 35. f4
{[%clk 0:01:03]} Qf6 {[%clk 0:00:54]} 36. Qxc6 {[%clk 0:01:17]} Nb8
{[%clk 0:00:45]} 37. Qc7 {[%clk 0:00:50]} Rf8 {[%clk 0:00:34]} 38. e5
{[%clk 0:00:45]} Qf5 {[%clk 0:00:39]} 39. Bd3 {[%clk 0:00:52]} Qg4
{[%clk 0:00:33]} 40. Qc5 {[%clk 0:30:47]} h4 {[%clk 0:30:49]} 41. Qf2
{[%clk 0:29:02]} Rc8 {[%clk 0:28:57]} 42. c5 {[%clk 0:28:15]} hxg3
{[%clk 0:27:43]} 43. hxg3 {[%clk 0:28:34]} Bxd3 {[%clk 0:25:50]} 44. Rxd3
{[%clk 0:28:58]} Qf5 {[%clk 0:26:00]} 45. Rc3 {[%clk 0:28:59]} Qe4
{[%clk 0:24:49]} 46. Nd2 {[%clk 0:27:04]} Qh1+ {[%clk 0:24:27]} 47. Qf1
{[%clk 0:25:56]} Qd5 {[%clk 0:24:36]} 48. Qf3 {[%clk 0:22:49]} Rxc5
{[%clk 0:23:52]} 49. Qxd5 {[%clk 0:23:05]} Rxc3+ {[%clk 0:24:14]} 50. bxc3
{[%clk 0:23:29]} exd5 {[%clk 0:24:41]} 51. c4 {[%clk 0:23:13]} dxc4
{[%clk 0:22:24]} 52. Nxc4 {[%clk 0:23:37]} Nd7 {[%clk 0:21:49]} 53. Nb2
{[%clk 0:22:38]} Nc5 {[%clk 0:21:21]} 54. Kd2 {[%clk 0:20:53]} Ne4+
{[%clk 0:16:43]} 55. Kd3 {[%clk 0:21:05]} Nxg3 {[%clk 0:16:54]} 56. Nxa4
{[%clk 0:21:26]} Kf8 {[%clk 0:16:47]} 57. Nc5 {[%clk 0:20:27]} Ne2
{[%clk 0:16:01]} 58. Nxb3 {[%clk 0:20:04]} Nxf4+ {[%clk 0:16:27]} 59. Ke4
{[%clk 0:20:26]} Ne2 {[%clk 0:15:15]} 60. Nc5 {[%clk 0:19:52]} Ke7
{[%clk 0:15:24]} 61. a4 {[%clk 0:20:01]} Nc3+ {[%clk 0:14:42]} 62. Kd4
{[%clk 0:20:07]} Nxa4 {[%clk 0:14:15]} 63. Nxa4 {[%clk 0:20:23]} f6
{[%clk 0:14:41]} 64. exf6+ {[%clk 0:20:29]} 1/2-1/2

[Event "MPJ_D18"]
[Site "?"]
[Date "2016.03.16"]
[Round "5.14"]
[White "Trybowska, Anna"]
[Black "Pluta, Natalia"]
[Result "1/2-1/2"]
[BlackElo "1542"]
[WhiteElo "1573"]
[LiveChessVersion "1.4.8"]

1. d4 {[%clk 1:30:59]} d5 {[%clk 1:30:47]} 2. c4 {[%clk 1:31:17]} e6
{[%clk 1:31:11]} 3. Nc3 {[%clk 1:31:36]} c6 {[%clk 1:31:37]} 4. Nf3
{[%clk 1:28:55]} dxc4 {[%clk 1:32:03]} 5. e3 {[%clk 1:28:56]} b5 {[%clk 1:32:26]}
6. a4 {[%clk 1:29:16]} Bb4 {[%clk 1:32:47]} 7. Ne5 {[%clk 1:28:32]} Bb7
{[%clk 1:22:17]} 8. Bd2 {[%clk 1:23:56]} a6 {[%clk 1:18:01]} 9. Qf3
{[%clk 1:18:48]} Qf6 {[%clk 1:16:49]} 10. Qg3 {[%clk 1:13:00]} Bxc3
{[%clk 1:12:46]} 11. Bxc3 {[%clk 1:13:18]} Ne7 {[%clk 1:03:15]} 12. d5
{[%clk 1:04:30]} Nxd5 {[%clk 1:02:47]} 13. Nd7 {[%clk 0:59:57]} Qg6
{[%clk 1:01:46]} 14. Nxb8 {[%clk 0:42:57]} Qxg3 {[%clk 1:01:16]} 15. hxg3
{[%clk 0:43:21]} Nxc3 {[%clk 1:01:35]} 16. Nxa6 {[%clk 0:43:17]} Rxa6
{[%clk 0:55:14]} 17. bxc3 {[%clk 0:43:42]} c5 {[%clk 0:52:30]} 18. Rb1
{[%clk 0:42:33]} b4 {[%clk 0:46:48]} 19. Bxc4 {[%clk 0:41:53]} Be4
{[%clk 0:34:21]} 20. Bxa6 {[%clk 0:39:27]} Bxb1 {[%clk 0:34:43]} 21. cxb4
{[%clk 0:39:52]} cxb4 {[%clk 0:30:34]} 22. Rh4 {[%clk 0:38:14]} b3
{[%clk 0:25:35]} 23. Rb4 {[%clk 0:37:56]} Bc2 {[%clk 0:25:29]} 24. Rb8+
{[%clk 0:34:17]} Kd7 {[%clk 0:25:50]} 25. Rxh8 {[%clk 0:34:23]} b2
{[%clk 0:26:18]} 26. Rb8 {[%clk 0:34:43]} b1=Q+ {[%clk 0:26:44]} 27. Rxb1
{[%clk 0:35:07]} Bxb1 {[%clk 0:27:12]} 28. Kd2 {[%clk 0:34:51]} Kc6
{[%clk 0:23:28]} 29. Bd3 {[%clk 0:34:28]} Ba2 {[%clk 0:22:47]} 30. Kc3
{[%clk 0:33:00]} Kc5 {[%clk 0:21:17]} 31. f4 {[%clk 0:32:33]} Bd5
{[%clk 0:19:39]} 32. Bxh7 {[%clk 0:32:48]} g6 {[%clk 0:15:20]} 33. Kd3
{[%clk 0:29:16]} Kd6 {[%clk 0:15:02]} 34. Kd4 {[%clk 0:29:11]} Bxg2
{[%clk 0:14:17]} 35. e4 {[%clk 0:28:53]} Ke7 {[%clk 0:11:14]} 36. a5
{[%clk 0:28:26]} Bf1 {[%clk 0:11:11]} 37. f5 {[%clk 0:28:23]} Kf6
{[%clk 0:11:01]} 38. fxg6 {[%clk 0:28:05]} fxg6 {[%clk 0:11:28]} 39. Bg8
{[%clk 0:28:02]} Ba6 {[%clk 0:10:17]} 40. e5+ {[%clk 0:51:29]} Ke7
{[%clk 0:40:29]} 41. Kc5 {[%clk 0:50:04]} Bb7 {[%clk 0:34:32]} 42. Bh7
{[%clk 0:43:00]} Kf7 {[%clk 0:33:13]} 43. Kd6 {[%clk 0:42:07]} Bd5
{[%clk 0:25:30]} 44. a6 {[%clk 0:33:53]} Kg7 {[%clk 0:25:50]} 45. Bxg6
{[%clk 0:34:13]} Kxg6 {[%clk 0:26:00]} 46. a7 {[%clk 0:34:14]} Kf5
{[%clk 0:25:39]} 47. g4+ {[%clk 0:34:24]} Kxg4 {[%clk 0:25:58]} 1/2-1/2

[Event "MPJ_D18"]
[Site "?"]
[Date "2016.03.16"]
[Round "5.15"]
[White "Burdzy, Joanna"]
[Black "Walkowiak, Bogumila"]
[Result "1/2-1/2"]
[BlackElo "1265"]
[WhiteElo "1730"]
[LiveChessVersion "1.4.8"]

1. e4 {[%clk 1:30:49]} e5 {[%clk 1:30:53]} 2. Nf3 {[%clk 1:30:53]} Nc6
{[%clk 1:31:07]} 3. Bc4 {[%clk 1:31:08]} Bc5 {[%clk 1:30:33]} 4. c3
{[%clk 1:31:11]} Nf6 {[%clk 1:30:02]} 5. d3 {[%clk 1:31:14]} d6 {[%clk 1:28:40]}
6. O-O {[%clk 1:31:13]} a6 {[%clk 1:25:38]} 7. Bb3 {[%clk 1:30:05]} O-O
{[%clk 1:23:24]} 8. Nbd2 {[%clk 1:29:46]} Ba7 {[%clk 1:18:58]} 9. h3
{[%clk 1:28:04]} Ne7 {[%clk 1:04:59]} 10. Re1 {[%clk 1:27:46]} Ng6
{[%clk 1:04:28]} 11. Nf1 {[%clk 1:27:40]} b5 {[%clk 0:55:57]} 12. Ng3
{[%clk 1:26:20]} c5 {[%clk 0:49:19]} 13. d4 {[%clk 1:19:14]} h6 {[%clk 0:38:32]}
14. a4 {[%clk 1:11:27]} c4 {[%clk 0:35:52]} 15. Bc2 {[%clk 1:10:00]} Qc7
{[%clk 0:33:06]} 16. axb5 {[%clk 1:09:05]} axb5 {[%clk 0:32:56]} 17. Be3
{[%clk 1:07:47]} Bd7 {[%clk 0:29:24]} 18. Nf5 {[%clk 1:05:03]} Bb6
{[%clk 0:20:22]} 19. Qd2 {[%clk 1:04:02]} Bxf5 {[%clk 0:05:08]} 20. exf5
{[%clk 1:04:20]} Nf4 {[%clk 0:04:59]} 21. Bxf4 {[%clk 1:02:55]} exf4
{[%clk 0:05:16]} 22. Qxf4 {[%clk 1:02:09]} d5 {[%clk 0:04:54]} 23. Qh4
{[%clk 1:00:24]} Rfe8 {[%clk 0:03:37]} 24. Ne5 {[%clk 0:59:56]} Nd7
{[%clk 0:03:20]} 25. Nxd7 {[%clk 0:56:39]} Qxd7 {[%clk 0:03:48]} 26. Rxa8
{[%clk 0:56:54]} Rxa8 {[%clk 0:04:17]} 27. Re7 {[%clk 0:50:14]} Qd6
{[%clk 0:02:00]} 28. Re1 {[%clk 0:49:29]} Bc7 {[%clk 0:02:01]} 29. g3
{[%clk 0:49:29]} Kf8 {[%clk 0:01:32]} 30. Qg4 {[%clk 0:45:53]} Ra2
{[%clk 0:01:47]} 31. Qe2 {[%clk 0:45:57]} Ra8 {[%clk 0:01:46]} 32. Qf3
{[%clk 0:45:15]} Rd8 {[%clk 0:01:54]} 33. Qe3 {[%clk 0:43:17]} Qf6
{[%clk 0:02:01]} 34. Bd1 {[%clk 0:43:09]} Qd6 {[%clk 0:01:31]} 35. Bf3
{[%clk 0:40:41]} Qf6 {[%clk 0:01:34]} 36. Bxd5 {[%clk 0:39:14]} Qd6
{[%clk 0:00:43]} 37. Bf3 {[%clk 0:37:47]} Qf6 {[%clk 0:00:49]} 38. Qe4
{[%clk 0:37:22]} Rb8 {[%clk 0:00:40]} 39. Bh5 {[%clk 0:35:36]} Rd8
{[%clk 0:00:48]} 40. Qb7 {[%clk 1:05:10]} Qb6 {[%clk 0:30:41]} 41. Qxb6
{[%clk 1:05:17]} Bxb6 {[%clk 0:30:52]} 42. Re5 {[%clk 1:05:40]} b4
{[%clk 0:28:32]} 43. Rb5 {[%clk 1:02:58]} bxc3 {[%clk 0:27:10]} 44. bxc3
{[%clk 1:02:44]} Rd6 {[%clk 0:25:43]} 45. Be2 {[%clk 1:02:39]} Rc6
{[%clk 0:23:21]} 46. Bf3 {[%clk 1:02:24]} Rd6 {[%clk 0:20:33]} 47. Rb4
{[%clk 1:02:31]} Ba5 {[%clk 0:18:44]} 48. Rxc4 {[%clk 1:02:52]} Rb6
{[%clk 0:18:18]} 49. Rc8+ {[%clk 1:01:57]} Ke7 {[%clk 0:18:33]} 50. c4
{[%clk 1:02:11]} Bc3 {[%clk 0:17:52]} 51. Rc7+ {[%clk 1:01:12]} Ke8
{[%clk 0:18:09]} 52. Rb7 {[%clk 0:58:25]} Bxd4 {[%clk 0:17:28]} 53. Rxb6
{[%clk 0:58:51]} Bxb6 {[%clk 0:17:51]} 54. Bd5 {[%clk 0:59:06]} Ke7
{[%clk 0:17:55]} 55. Kg2 {[%clk 0:59:29]} f6 {[%clk 0:16:47]} 56. f4
{[%clk 0:59:20]} Kd6 {[%clk 0:16:48]} 57. g4 {[%clk 0:59:31]} Be3
{[%clk 0:16:42]} 58. Kf3 {[%clk 0:59:57]} Bc1 {[%clk 0:16:09]} 59. h4
{[%clk 0:59:32]} Kc5 {[%clk 0:16:23]} 60. g5 {[%clk 0:59:09]} hxg5
{[%clk 0:15:44]} 61. fxg5 {[%clk 0:59:30]} fxg5 {[%clk 0:15:43]} 62. h5
{[%clk 0:59:53]} Bb2 {[%clk 0:15:47]} 63. Ke4 {[%clk 0:58:07]} Bf6
{[%clk 0:15:50]} 64. Bf7 {[%clk 0:58:25]} Bc3 {[%clk 0:15:23]} 65. Kf3
{[%clk 0:58:26]} Bf6 {[%clk 0:15:24]} 66. Be6 {[%clk 0:58:47]} Bc3
{[%clk 0:15:07]} 67. Kg4 {[%clk 0:59:11]} Bf6 {[%clk 0:15:31]} 68. Bg8
{[%clk 0:59:18]} Kd4 {[%clk 0:15:49]} 1/2-1/2

[Event "MPJ_D18"]
[Site "?"]
[Date "2016.03.16"]
[Round "5.16"]
[White "Stochnialek, Dominika"]
[Black "Godek, Martyna"]
[Result "1-0"]
[BlackElo "1483"]
[WhiteElo "1448"]
[LiveChessVersion "1.4.8"]

1. e4 {[%clk 1:30:59]} e5 {[%clk 1:30:55]} 2. Nf3 {[%clk 1:31:21]} Nc6
{[%clk 1:31:19]} 3. Bb5 {[%clk 1:31:43]} Bc5 {[%clk 1:31:29]} 4. c3
{[%clk 1:31:55]} d6 {[%clk 1:31:38]} 5. d4 {[%clk 1:31:51]} exd4 {[%clk 1:32:01]}
6. cxd4 {[%clk 1:32:15]} Bb4+ {[%clk 1:32:24]} 7. Kf1 {[%clk 1:32:28]} Bd7
{[%clk 1:32:10]} 8. Qa4 {[%clk 1:32:13]} Qe7 {[%clk 1:11:52]} 9. d5
{[%clk 1:18:12]} Qxe4 {[%clk 1:00:15]} 10. dxc6 {[%clk 1:16:53]} bxc6
{[%clk 0:56:20]} 11. Be2 {[%clk 1:14:54]} Nf6 {[%clk 0:37:06]} 12. Be3
{[%clk 1:03:07]} Bc5 {[%clk 0:29:26]} 13. Qxe4+ {[%clk 0:58:53]} Nxe4
{[%clk 0:29:47]} 14. Bxc5 {[%clk 0:58:36]} Nxc5 {[%clk 0:30:11]} 15. Nc3
{[%clk 0:58:38]} Rb8 {[%clk 0:29:01]} 16. b3 {[%clk 0:53:38]} O-O
{[%clk 0:28:17]} 17. h4 {[%clk 0:50:15]} Rfe8 {[%clk 0:24:23]} 18. Re1
{[%clk 0:46:30]} Re7 {[%clk 0:23:08]} 19. g3 {[%clk 0:45:31]} Rbe8
{[%clk 0:21:15]} 20. Kg2 {[%clk 0:42:44]} Ne6 {[%clk 0:16:36]} 21. Bc4
{[%clk 0:36:20]} d5 {[%clk 0:14:47]} 22. Bxd5 {[%clk 0:35:54]} Nc5
{[%clk 0:08:45]} 23. Rxe7 {[%clk 0:35:03]} Rxe7 {[%clk 0:09:05]} 24. Bc4
{[%clk 0:34:49]} Kf8 {[%clk 0:08:40]} 25. Re1 {[%clk 0:34:15]} f6
{[%clk 0:08:04]} 26. Rxe7 {[%clk 0:32:20]} Kxe7 {[%clk 0:08:32]} 27. Nd4
{[%clk 0:30:30]} Kd6 {[%clk 0:06:54]} 28. f4 {[%clk 0:30:22]} Bg4
{[%clk 0:06:00]} 29. Kf2 {[%clk 0:29:27]} h6 {[%clk 0:04:27]} 30. Ke3
{[%clk 0:28:50]} Bd7 {[%clk 0:04:23]} 31. Ne4+ {[%clk 0:28:25]} Nxe4
{[%clk 0:04:45]} 32. Kxe4 {[%clk 0:28:50]} c5 {[%clk 0:03:33]} 33. Nf5+
{[%clk 0:29:01]} Bxf5+ {[%clk 0:03:13]} 34. Kxf5 {[%clk 0:29:28]} Ke7
{[%clk 0:03:25]} 35. a4 {[%clk 0:28:58]} a5 {[%clk 0:02:25]} 36. Kg6
{[%clk 0:29:21]} Kf8 {[%clk 0:02:41]} 37. h5 {[%clk 0:29:38]} c6 {[%clk 0:02:26]}
38. f5 {[%clk 0:29:57]} Ke7 {[%clk 0:02:37]} 39. Kxg7 {[%clk 0:30:22]} 1-0